Which is the EXTREME DEMON? #1 - Statistics

General Stats
  • This quiz has been taken 7 times
  • The average score is 25 of 32
Answer Stats
Question Tile Select % Correct
Which level is the extreme demon? Yes
100%
Which level is the extreme demon? No
100%
Which level is the extreme demon? No
100%
Which level is the extreme demon? No
100%
Which level is the extreme demon? Yes
75%
Which level is the extreme demon? No
75%
Which level is the extreme demon? No
75%
Which level is the extreme demon? No
75%
Which level is the extreme demon? Yes
75%
Which level is the extreme demon? No
75%
Which level is the extreme demon? No
75%
Which level is the extreme demon? No
75%
Which level is the extreme demon? No
75%
Which level is the extreme demon? No
75%
Which level is the extreme demon? Yes
75%
Which level is the extreme demon? No
75%
Which level is the extreme demon? No
75%
Which level is the extreme demon? No
75%
Which level is the extreme demon? No
75%
Which level is the extreme demon? Yes
75%
Which level is the extreme demon? No
75%
Which level is the extreme demon? No
75%
Which level is the extreme demon? Yes
75%
Which level is the extreme demon? No
75%
Which level is the extreme demon? No
75%
Which level is the extreme demon? No
75%
Which level is the extreme demon? Yes
75%
Which level is the extreme demon? No
75%
Which level is the extreme demon? No
75%
Which level is the extreme demon? No
75%
Which level is the extreme demon? Yes
50%
Which level is the extreme demon? No
50%
No matching quizzes found
Score Distribution
Percent of People with Each Score
Percentile by Number Answered
Your Score History
You have not taken this quiz